Taylor Swift 08 - Statistics

General Stats
  • This quiz has been taken 31 times
    23 since last reset
  • The average score is 147 of 213
Answer Stats
Answer % Correct
a
100%
and
100%
be
100%
I
100%
I'll
100%
in
100%
my
100%
on
100%
the
100%
to
100%
you
100%
I'm
93%
it
93%
so
93%
some
93%
we
93%
were
93%
with
93%
even
87%
go
87%
I'd
87%
it's
87%
just
87%
no
87%
out
87%
was
87%
what
87%
but
80%
love
80%
of
80%
see
80%
are
73%
back
73%
been
73%
don't
73%
friends
73%
had
73%
not
73%
think
73%
down
67%
glitch
67%
oh
67%
supposed
67%
there's
67%
who
67%
that's
60%
town
60%
yeah
60%
live
53%
nights
53%
our
53%
part
53%
sorry
53%
weekend
53%
what's
53%
blood
47%
days
47%
five
47%
maybe
47%
myself
47%
seconds
47%
situationship
47%
stitch
47%
system
47%
thought
47%
counterfeit
40%
depending
40%
fastening
40%
kind
40%
later
40%
let's
40%
mood
40%
moonlit
40%
must
40%
starry
40%
sweat
40%
blackout
33%
breaking
33%
chance
33%
dance
33%
playground
33%
romance
33%
system's
33%
2190
27%
brief
27%
else's
27%
give
27%
glorious
27%
interruption
27%
malfunction
27%
nothing
27%
search
27%
slight
27%
someone
27%
wanting
27%
happening
20%
happenstance
20%
dudes
13%
No matching quizzes found
Score Distribution
Percent of People with Each Score
Percentile by Number Answered
Your Score History
You have not taken this quiz since the last reset